| 000 | 00727cab a22001815a 4500 | ||
|---|---|---|---|
| 001 | L151257 | ||
| 008 | 101012s2010 d f s 000 0 eng u | ||
| 035 | _a(Sirsi) u151257 | ||
| 041 | 0 | _aeng | |
| 245 | 0 | 0 | _aBritain's biggest housebuilders |
| 260 | _c2010 | ||
| 490 | 0 |
_aHouseBuilder _v69(8) October 2010, 23-32(7) |
|
| 520 | _aIncludes a table of the top 25 companies with turnover, operating profit, units completed, average selling price, number of people employed, and notes; analysis of housebuilders' performance; housing completions and construction output since 1998. | ||
| 590 | _aKA | ||
| 651 | 4 |
_aGreat Britain _y1707- |
|
| 690 | _aPROPERTY-RESIDENTIAL PROPERTY-RESIDENTIAL PROPERTY DEVELOPMENT | ||
| 942 | _n0 | ||
| 999 |
_c111257 _d111257 |
||